LIBRARY ONLINE CATALOGUE

Food policy in the United States (Record no. 19251)

MARC details
000 -LEADER
fixed length control field 00429nam a22001577a 4500
008 - FIXED-LENGTH DATA ELEMENTS--GENERAL INFORMATION
fixed length control field 220307b |||||||| |||| 00| 0 eng d
020 ## - INTERNATIONAL STANDARD BOOK NUMBER
International Standard Book Number 1138204003
050 ## - LIBRARY OF CONGRESS CALL NUMBER
Classification number TX360
Item number .W55 2018
100 ## - MAIN ENTRY--PERSONAL NAME
Personal name Wilde, Parke
245 ## - TITLE STATEMENT
Title Food policy in the United States
Remainder of title An Introduction
Statement of responsibility, etc. Parke wilde
250 ## - EDITION STATEMENT
Edition statement 2nd ed.
260 ## - PUBLICATION, DISTRIBUTION, ETC. (IMPRINT)
Place of publication, distribution, etc. New York
Name of publisher, distributor, etc. Routledge
Date of publication, distribution, etc. 2018
300 ## - PHYSICAL DESCRIPTION
Extent xiv, 261p.
650 ## - SUBJECT ADDED ENTRY--TOPICAL TERM
Topical term or geographic name as entry element Nutrition policy
942 ## - ADDED ENTRY ELEMENTS (KOHA)
Source of classification or shelving scheme Library of Congress Classification
Koha item type General Collection
Holdings
Withdrawn status Lost status Source of classification or shelving scheme Not for loan Home library Current library Date acquired Cost, normal purchase price Total Checkouts Full call number Barcode Date last seen Price effective from Koha item type
    Library of Congress Classification   Kabarak, Main Campus Kabarak, Main Campus 07/03/2022 5976.00   TX360 .W55 2018 c.1 031388 07/03/2022 07/03/2022 General Collection
    Library of Congress Classification   Kabarak, Main Campus Kabarak, Main Campus 07/03/2022 5976.00   TX360 .W55 2018 c.2 031389 07/03/2022 07/03/2022 General Collection
    Library of Congress Classification   Kabarak, Main Campus Kabarak, Main Campus 07/03/2022 5976.00   TX360 .W55 2018 c.3 031390 07/03/2022 07/03/2022 General Collection